[Event "4NCL Division 4 South"]
[Site "Maidenhead, ENG"]
[Date "2020.01.12"]
[Round "4.24"]
[White "Hussain, Adam"]
[Black "Lancaster, Roger"]
[Result "1/2-1/2"]
[WhiteElo "1885"]
[BlackElo "1892"]
[PlyCount "60"]
[EventDate "2020.01.12"]
[WhiteTeam "Wood Green Youth"]
[BlackTeam "Watford 1"]

1. d4 Nf6 2. Nc3 d5 3. Bf4 Bf5 4. f3 e6 5. g4 Bg6 6. h4 h6 7. e3 Bd6 8. Nh3 a6
9. Bd3 Bxd3 10. Qxd3 Nc6 11. a3 e5 12. dxe5 Nxe5 13. Bxe5 Bxe5 14. O-O-O c6 15.
g5 Nh5 16. f4 Bxc3 17. Qxc3 Qd6 18. Qa5 Ng3 19. Rh2 h5 20. Qb6 O-O 21. Ng1 Rfe8
22. Nf3 Re7 23. Ne5 Qc7 24. Qb4 Ne4 25. Rg2 g6 26. Kb1 a5 27. Qd4 b5 28. Nf3 b4
29. a4 Rb8 30. Ne5 Ree8 1/2-1/2

[Event "4NCL Division 4 South"]
[Site "Maidenhead, ENG"]
[Date "2020.01.12"]
[Round "4.25"]
[White "Sloan, Cecil"]
[Black "Dias, Ruwan"]
[Result "1/2-1/2"]
[WhiteElo "1742"]
[BlackElo "1497"]
[PlyCount "58"]
[EventDate "2020.01.12"]
[WhiteTeam "Watford 1"]
[BlackTeam "Wood Green Youth"]

1. e4 e6 2. d4 d5 3. Nc3 Bb4 4. e5 c5 5. Bd2 Ne7 6. Qg4 O-O 7. a3 Bxc3 8. bxc3
b6 9. Nf3 Ba6 10. h4 Kh8 11. h5 h6 12. Qh3 c4 13. g4 Kh7 14. g5 Nf5 15. Nh4
Nxh4 16. Qxh4 Nd7 17. Qg4 hxg5 18. h6 f5 19. hxg7+ Kxg7 20. Qxg5+ Qxg5 21. Bxg5
Rh8 22. Rg1 Kf7 23. Be2 Rag8 24. Kd2 Nf8 25. Bf6 Rxg1 26. Rxg1 Rg8 27. Rxg8
Kxg8 28. Be7 Ng6 29. Bd6 Bc8 1/2-1/2

[Event "4NCL Division 4 South"]
[Site "Maidenhead, ENG"]
[Date "2020.01.12"]
[Round "4.26"]
[White "Lazarevic, Ljubica"]
[Black "Charles, Simon"]
[Result "1-0"]
[WhiteElo "1416"]
[BlackElo "1765"]
[PlyCount "67"]
[EventDate "2020.01.12"]
[WhiteTeam "Wood Green Youth"]
[BlackTeam "Watford 1"]

1. e4 c5 2. Nc3 g6 3. f4 Nc6 4. Nge2 Bg7 5. g3 b6 6. Bg2 Bb7 7. O-O a6 8. d3 e6
9. Be3 Nd4 10. e5 Bxg2 11. Kxg2 Nf5 12. Bf2 d5 13. d4 cxd4 14. Nxd4 Nge7 15. g4
Nxd4 16. Qxd4 Rb8 17. Qa4+ b5 18. Qxa6 b4 19. Nb5 O-O 20. Nd6 f6 21. Bd4 fxe5
22. Bxe5 Bxe5 23. fxe5 Rxf1 24. Rxf1 Rb6 25. Qa7 Rc6 26. Qf2 Nf5 27. gxf5 Qg5+
28. Kh1 exf5 29. Rg1 Qe7 30. Qxf5 Kh8 31. Qd3 Qe6 32. Rf1 Kg8 33. Qb5 Rxd6 34.
Qb8+ 1-0

[Event "4NCL Division 4 South"]
[Site "Maidenhead, ENG"]
[Date "2020.01.12"]
[Round "4.31"]
[White "Rice, Chris B"]
[Black "Tart, Peter K"]
[Result "1-0"]
[WhiteElo "2027"]
[BlackElo "1892"]
[PlyCount "61"]
[EventDate "2020.01.12"]
[WhiteTeam "CSC 2"]
[BlackTeam "Crowthorne 2"]

1. c4 f5 2. g3 Nf6 3. Bg2 d6 4. Nc3 e5 5. d4 Be7 6. e3 Nc6 7. Nge2 O-O 8. O-O
Qe8 9. Rb1 a5 10. a3 Qh5 11. b4 axb4 12. axb4 f4 13. exf4 Bh3 14. f3 Bxg2 15.
Kxg2 exd4 16. Nxd4 Nxb4 17. Rxb4 c5 18. Rb5 Qf7 19. Nf5 Rfb8 20. Nd5 Bf8 21.
Bb2 Ra2 22. Rf2 Ne8 23. g4 Rba8 24. Qb3 R8a7 25. Qc3 Qe6 26. Qd2 Qf7 27. Re2
Nc7 28. Qc3 Qd7 29. Nxc7 Qxc7 30. Re7 Rxb2+ 31. Qxb2 1-0

[Event "4NCL Division 4 South"]
[Site "Maidenhead, ENG"]
[Date "2020.01.12"]
[Round "4.32"]
[White "Taylor, Mark V"]
[Black "Fink-Nunn, Petra"]
[Result "1/2-1/2"]
[WhiteElo "1928"]
[BlackElo "2000"]
[PlyCount "45"]
[EventDate "2020.01.12"]
[WhiteTeam "Crowthorne 2"]
[BlackTeam "CSC 2"]

1. d4 d5 2. c4 e6 3. Nc3 Be7 4. Nf3 Nf6 5. Bf4 O-O 6. e3 c5 7. Be2 cxd4 8. exd4
Nc6 9. O-O dxc4 10. Bxc4 Nb4 11. Rc1 b6 12. Qe2 Nbd5 13. Be5 Bb7 14. Rfd1 Rc8
15. Nxd5 Nxd5 16. Bd3 Qd7 17. h4 Rxc1 18. Rxc1 Rc8 19. Rd1 Bf6 20. h5 Qe7 21.
Qe4 g6 22. hxg6 hxg6 23. Qg4 1/2-1/2

[Event "4NCL Division 4 South"]
[Site "Maidenhead, ENG"]
[Date "2020.01.12"]
[Round "4.33"]
[White "Amato, Giampiero"]
[Black "Cross, Mark"]
[Result "0-1"]
[WhiteElo "2006"]
[BlackElo "1730"]
[PlyCount "116"]
[EventDate "2020.01.12"]
[WhiteTeam "CSC 2"]
[BlackTeam "Crowthorne 2"]

1. d4 Nf6 2. Bg5 Ne4 3. Bh4 g5 4. f3 gxh4 5. fxe4 c5 6. e3 d5 7. exd5 Qxd5 8.
Nc3 Qd8 9. Bc4 cxd4 10. Qh5 e6 11. O-O-O Qc7 12. Rxd4 Bc5 13. Nb5 Qb6 14. Qe5
Bxd4 15. exd4 O-O 16. Nc7 Qc6 17. Nf3 Qxc4 18. Qg5+ Kh8 19. Qf6+ Kg8 20. Nxa8
Na6 21. Ne5 Qe2 22. Ng4 Qxg4 23. Rf1 Qg6 24. Qe7 h6 25. Kb1 Qxg2 26. Rc1 Qg5
27. Qa3 Bd7 28. Qf3 Bc6 29. Qf2 Kh7 30. Rg1 Qe7 31. d5 Bxd5 32. Qxa7 Qc5 33.
Qxc5 Nxc5 34. Nb6 Bc6 35. Nc4 Nd7 36. b3 f5 37. Re1 Rf6 38. Na5 Be4 39. Rd1 Rf7
40. Nc4 Rg7 41. Nd6 Bc6 42. b4 Nb6 43. c4 Rg2 44. b5 Bf3 45. Re1 Re2 46. Rxe2
Bxe2 47. c5 Nd5 48. b6 Ba6 49. Kc1 Ne7 50. a4 Nc6 51. Kd2 Kg6 52. Ke3 e5 53.
Ne8 Kf7 54. Nc7 Kf6 55. Kd2 Kg5 56. Kc3 f4 57. Ne8 f3 58. Nd6 Kf4 0-1

[Event "4NCL Division 4 South"]
[Site "Maidenhead, ENG"]
[Date "2020.01.12"]
[Round "4.34"]
[White "Leadbetter, Scott"]
[Black "Fowler, David"]
[Result "0-1"]
[WhiteElo "1612"]
[BlackElo "1966"]
[PlyCount "104"]
[EventDate "2020.01.12"]
[WhiteTeam "Crowthorne 2"]
[BlackTeam "CSC 2"]

1. d4 d5 2. c4 c6 3. Nc3 e6 4. e4 Bb4 5. exd5 cxd5 6. a3 Bxc3+ 7. bxc3 Nf6 8.
cxd5 Qxd5 9. Nf3 O-O 10. Bd3 b6 11. O-O Ba6 12. Qc2 Bxd3 13. Qxd3 Rc8 14. Re1
Nbd7 15. Bg5 Qc4 16. Qxc4 Rxc4 17. Bd2 Nd5 18. Ne5 Nxe5 19. dxe5 b5 20. Reb1 a6
21. Rb3 Rac8 22. Rd1 h6 23. Kf1 Kh7 24. Rc1 Kg6 25. g3 Kf5 26. f4 g5 27. fxg5
hxg5 28. Ke2 Re4+ 29. Kd3 Rcc4 30. Rf1+ Kg6 31. Re1 Rxe1 32. Bxe1 g4 33. Bf2 f6
34. exf6 Kxf6 35. Be1 e5 36. Bd2 e4+ 37. Ke2 Kf5 38. Kf2 Ke6 39. Ke2 Kd6 40.
Kf2 Kc6 41. Rb4 Nxb4 42. axb4 Kd5 43. Ke3 Rc8 44. Kf4 Rh8 45. Kxg4 Rxh2 46. Be3
Kc4 47. Bd4 Kd3 48. Kf4 Rh3 49. Bc5 Kxc3 50. Kxe4 Rxg3 51. Kd5 Rg4 52. Be7 Rxb4
0-1

[Event "4NCL Division 4 South"]
[Site "Maidenhead, ENG"]
[Date "2020.01.12"]
[Round "4.35"]
[White "Lawson, Maurice E"]
[Black "Haslehurst, Harriet"]
[Result "1-0"]
[WhiteElo "1966"]
[BlackElo "1497"]
[PlyCount "95"]
[EventDate "2020.01.12"]
[WhiteTeam "CSC 2"]
[BlackTeam "Crowthorne 2"]

1. e4 e6 2. d4 d5 3. Nc3 Bb4 4. exd5 exd5 5. Bd3 Nf6 6. Nge2 O-O 7. a3 Be7 8.
O-O Nc6 9. f3 b6 10. Be3 Na5 11. Bf2 Nc4 12. Qc1 c5 13. Ng3 Bb7 14. Nf5 Na5 15.
Qg5 g6 16. Bh4 Kh8 17. Nxe7 Qxe7 18. Rfe1 Qd6 19. Qxf6+ Qxf6 20. Bxf6+ Kg8 21.
Re7 Bc6 22. Rae1 c4 23. Bf1 Nb7 24. Rc7 Rac8 25. Rxc8 Rxc8 26. g3 Nd6 27. Bh3
Ra8 28. Be5 Rd8 29. Bxd6 Rxd6 30. Kf2 a5 31. a4 Kg7 32. f4 Kf6 33. Re5 Kg7 34.
Bg2 f6 35. Re7+ Kh6 36. g4 g5 37. f5 Ba8 38. Nb5 Rd8 39. Re6 Kg7 40. Rxb6 Kf7
41. Nc7 Ke7 42. Nxa8 Rxa8 43. Ke3 Rd8 44. Rb7+ Kd6 45. Rb5 Rc8 46. Rxd5+ Ke7
47. Rxa5 c3 48. b3 1-0

[Event "4NCL Division 4 South"]
[Site "Maidenhead, ENG"]
[Date "2020.01.12"]
[Round "4.36"]
[White "Love, James"]
[Black "Wolf, Gabriel"]
[Result "0-1"]
[WhiteElo "1473"]
[BlackElo "1935"]
[PlyCount "132"]
[EventDate "2020.01.12"]
[WhiteTeam "Crowthorne 2"]
[BlackTeam "CSC 2"]

1. e4 c5 2. Nf3 d6 3. b3 Nc6 4. Bb2 e6 5. d4 cxd4 6. Nxd4 e5 7. Nxc6 bxc6 8.
Nc3 Nf6 9. Qd2 Be7 10. O-O-O O-O 11. Kb1 Qc7 12. Bc4 a5 13. f3 Ba6 14. Bxa6
Rxa6 15. Na4 c5 16. Nc3 Rb8 17. a4 c4 18. Nb5 Qc6 19. g4 Nd7 20. h4 Nc5 21. Qd5
cxb3 22. cxb3 Qxd5 23. Rxd5 Nxb3 24. Ba3 Nd4 25. f4 f6 26. fxe5 fxe5 27. Ka2
Nxb5 28. axb5 Rab6 29. Rb1 Kf7 30. Bc1 Bxh4 31. Be3 R6b7 32. b6 Ke6 33. Rxa5
Bd8 34. Ra7 Kd7 35. Ra6 h6 36. Ka3 Kc6 37. Ka4 Bxb6 38. Bxb6 Rxb6 39. Rbxb6+
Rxb6 40. Rxb6+ Kxb6 41. Kb4 g6 42. Kc4 Kc6 43. Kb4 h5 44. Kc3 hxg4 45. Kd3 Kc5
46. Ke3 Kc4 47. Kf2 Kd3 48. Kg3 Kxe4 49. Kf2 Kd3 50. Ke1 e4 51. Kd1 e3 52. Ke1
g3 53. Kf1 g2+ 54. Kxg2 Kd2 55. Kf1 e2+ 56. Kg2 e1=Q 57. Kf3 Qe3+ 58. Kg4 Qf2
59. Kg5 Ke3 60. Kh6 g5 61. Kg6 g4 62. Kg5 g3 63. Kg4 g2 64. Kh3 Kf3 65. Kh2
g1=Q+ 66. Kh3 Qfh2# 0-1

[Event "4NCL Division 4 South"]
[Site "Maidenhead, ENG"]
[Date "2020.01.12"]
[Round "4.41"]
[White "Jukes, Sam"]
[Black "Wilks, Simon"]
[Result "0-1"]
[WhiteElo "1926"]
[BlackElo "2192"]
[PlyCount "62"]
[EventDate "2020.01.12"]
[WhiteTeam "West is Best 3"]
[BlackTeam "All Anands on Deck"]

1. e4 e6 2. d4 d5 3. Nc3 Nf6 4. e5 Nfd7 5. f4 c5 6. Nf3 Nc6 7. Be3 a6 8. Qd2 b5
9. Be2 Be7 10. O-O Qb6 11. Nd1 O-O 12. c3 b4 13. Ng5 h6 14. Nh3 a5 15. Kh1 Ba6
16. Bxa6 Qxa6 17. Rf3 bxc3 18. bxc3 f6 19. Ndf2 cxd4 20. cxd4 Nb6 21. Qc2 Nc4
22. Qg6 Nxe3 23. Rxe3 Nxd4 24. Ng4 Nf5 25. Rg3 Kh8 26. Rc3 Rac8 27. Rxc8 Qxc8
28. exf6 Bxf6 29. Ne5 Bxe5 30. fxe5 Qc3 31. Rb1 Qxe5 0-1

[Event "4NCL Division 4 South"]
[Site "Maidenhead, ENG"]
[Date "2020.01.12"]
[Round "4.42"]
[White "Waller, Dan"]
[Black "Smith, Steve"]
[Result "1-0"]
[WhiteElo "2102"]
[BlackElo "1826"]
[PlyCount "75"]
[EventDate "2020.01.12"]
[WhiteTeam "All Anands on Deck"]
[BlackTeam "West is Best 3"]

1. e4 e5 2. Nc3 Nf6 3. f4 d5 4. fxe5 Nxe4 5. Qf3 Nxc3 6. dxc3 Qh4+ 7. g3 Qe4+
8. Qxe4 dxe4 9. Bg2 Nc6 10. Bf4 Bf5 11. O-O-O Be7 12. e6 Bxe6 13. Bxe4 Bxa2 14.
Nf3 Be6 15. Rhe1 O-O 16. Bxc7 Rac8 17. Bf4 Rfd8 18. Nd4 Bg4 19. Rd2 Nxd4 20.
cxd4 Bf6 21. Bxb7 Re8 22. Rxe8+ Rxe8 23. c4 g5 24. Bd6 Re1+ 25. Kc2 Bf5+ 26.
Kc3 a5 27. c5 Re3+ 28. Kc4 Be6+ 29. d5 Re4+ 30. Kb5 Rb4+ 31. Ka6 Bh3 32. c6
Bf1+ 33. Kxa5 Rb5+ 34. Ka4 Bxb2 35. Ba6 Bc3 36. Bxb5 Bxb5+ 37. Kxb5 Bxd2 38. c7
1-0

[Event "4NCL Division 4 South"]
[Site "Maidenhead, ENG"]
[Date "2020.01.12"]
[Round "4.43"]
[White "Payan, Juan C"]
[Black "Penna, Tommaso"]
[Result "0-1"]
[WhiteElo "1779"]
[BlackElo "2031"]
[PlyCount "50"]
[EventDate "2020.01.12"]
[WhiteTeam "West is Best 3"]
[BlackTeam "All Anands on Deck"]

1. e4 c5 2. Nf3 d6 3. d4 cxd4 4. Nxd4 Nf6 5. Nc3 Nc6 6. Be2 e5 7. Nb3 Be7 8.
O-O O-O 9. Be3 a5 10. a4 Nb4 11. Qd2 b6 12. Rfd1 Bb7 13. f3 Rc8 14. Rac1 d5 15.
exd5 Nfxd5 16. Qe1 Bh4 17. g3 Bg5 18. Nxd5 Nxd5 19. Bxg5 Qxg5 20. c3 f5 21. f4
Nxf4 22. Bb5 Nh3+ 23. Kf1 f4 24. Rd7 fxg3+ 25. Ke2 Rf2+ 0-1

[Event "4NCL Division 4 South"]
[Site "Maidenhead, ENG"]
[Date "2020.01.12"]
[Round "4.44"]
[White "Jones, Tibor"]
[Black "Melsom, Jonathan T"]
[Result "1-0"]
[WhiteElo "1975"]
[BlackElo "1696"]
[PlyCount "109"]
[EventDate "2020.01.12"]
[WhiteTeam "All Anands on Deck"]
[BlackTeam "West is Best 3"]

1. Nf3 e6 2. c4 f5 3. g3 Nf6 4. Bg2 Be7 5. O-O O-O 6. Nc3 d6 7. d3 Qe8 8. b4 a5
9. b5 e5 10. Nd2 Qg6 11. Ba3 Nbd7 12. Na4 Rb8 13. Rc1 b6 14. d4 exd4 15. Nf3
Nc5 16. Nxd4 Bd7 17. Nc3 Nfe4 18. Nd5 Bg5 19. e3 Bd8 20. Bb2 Ng5 21. Qc2 Nge6
22. Rfe1 Rc8 23. Bh3 Ng5 24. Bg2 Nge6 25. Bh3 Ng5 26. Bg2 Nge6 $11 27. Nf4 Nxf4
28. exf4 Bf6 29. Re3 Rfe8 30. Rce1 Kf8 31. Nc6 Be6 32. Bxf6 Qxf6 33. h4 Bd7 34.
Kh2 h6 35. Bd5 g5 36. fxg5 hxg5 37. Rxe8+ Rxe8 38. Rxe8+ Bxe8 39. hxg5 Qxg5 40.
Nd4 Bg6 41. Qe2 Qf6 $11 42. Qe3 Kg7 43. Ne2 Bf7 44. Nf4 Qe5 45. Qf3 Bxd5 46.
Qxd5 Qxd5 47. Nxd5 Ne6 48. Kh3 Kh6 49. Kh4 a4 50. f4 a3 51. g4 Nd4 52. Nxc7
Nf3+ 53. Kg3 Nd2 54. g5+ Kg7 55. Ne8+ 1-0

[Event "4NCL Division 4 South"]
[Site "Maidenhead, ENG"]
[Date "2020.01.12"]
[Round "4.45"]
[White "Di-Vetta, Andrew"]
[Black "Siddharth, Gopakumar"]
[Result "1-0"]
[WhiteElo "1720"]
[BlackElo "1945"]
[PlyCount "115"]
[EventDate "2020.01.12"]
[WhiteTeam "West is Best 3"]
[BlackTeam "All Anands on Deck"]

1. e4 c5 2. Nf3 a6 3. d3 Nc6 4. g3 d5 5. Nbd2 dxe4 6. dxe4 g6 7. Bg2 Bg7 8. O-O
Nf6 9. c3 O-O 10. Qe2 Qc7 11. Re1 e5 12. Nf1 Rd8 13. h3 b5 14. Bg5 h6 15. Bxf6
Bxf6 16. Qe3 Kg7 17. Qxc5 Be7 18. Qe3 Na5 19. b3 Be6 20. Rac1 Rac8 21. N1d2 f6
22. Nb1 Rd6 23. Rcd1 Rcd8 24. Qe2 Nb7 25. Nh2 Qc8 26. g4 h5 27. Rxd6 Nxd6 28.
Rd1 Rh8 29. f3 Nf7 30. Rd3 Bc5+ 31. Kf1 hxg4 32. fxg4 Ng5 33. Nd2 Rh7 34. Ke1
Qc6 35. Nhf1 Qa8 36. Ne3 Qh8 37. Nd5 Nxh3 38. Qf3 Bxd5 39. Rxd5 Be7 40. Nf1 Nf4
41. Rd2 Qc8 42. Ne3 Rh4 43. Bf1 Bc5 44. Nd5 Qxg4 45. Qxg4 Rxg4 46. Nc7 Rg3 47.
Nxa6 Rxc3 48. Nxc5 Rxc5 49. Rd7+ Kh6 50. Kd2 b4 51. Ra7 Rc8 52. Bc4 g5 53. Ke3
g4 54. Kf2 Rd8 55. Kg3 Rd4 56. Kxg4 Rxe4 57. Kf5 Re3 58. Bg8 1-0

[Event "4NCL Division 4 South"]
[Site "Maidenhead, ENG"]
[Date "2020.01.12"]
[Round "4.46"]
[White "Sabin, Frank"]
[Black "Eckert, Jonathan"]
[Result "1-0"]
[WhiteElo "1825"]
[BlackElo "1697"]
[PlyCount "61"]
[EventDate "2020.01.12"]
[WhiteTeam "All Anands on Deck"]
[BlackTeam "West is Best 3"]

1. d4 f5 2. c4 Nf6 3. Nc3 e6 4. Nf3 Bb4 5. Bd2 O-O 6. e3 b6 7. Be2 Bb7 8. O-O
Ne4 9. Nxe4 fxe4 10. Bxb4 exf3 11. gxf3 Rf6 12. Kh1 Na6 13. Bc3 d5 14. f4 Rh6
15. Rg1 dxc4+ 16. Bf3 Bxf3+ 17. Qxf3 Qd5 18. e4 Qh5 19. Qxh5 Rxh5 20. d5 g6 21.
dxe6 Nc5 22. f3 Nxe6 23. f5 Ng5 24. Rg3 Kf7 25. Bd2 Kf6 26. fxg6 hxg6 27. Rag1
Nh3 28. Rxg6+ Ke5 29. R1g3 Rd8 30. Bc3+ Kf4 31. Kg2 1-0

[Event "4NCL Division 4 South"]
[Site "Maidenhead, ENG"]
[Date "2020.01.12"]
[Round "4.51"]
[White "Adams, Mark"]
[Black "Patel, Devan"]
[Result "1/2-1/2"]
[WhiteElo "1966"]
[BlackElo "1915"]
[PlyCount "47"]
[EventDate "2020.01.12"]
[WhiteTeam "The Full Ponty"]
[BlackTeam "Warwickshire Select 2"]

1. e4 e5 2. Nf3 Nc6 3. Bb5 a6 4. Ba4 Nf6 5. d3 b5 6. Bb3 Bc5 7. c3 d6 8. h3 Bb6
9. O-O h6 10. Nbd2 O-O 11. a4 Rb8 12. axb5 axb5 13. Re1 Re8 14. Nf1 Be6 15. Ne3
d5 16. exd5 Nxd5 17. Nxd5 Bxd5 18. Bc2 Qf6 19. Be3 Bxf3 20. Qxf3 Qxf3 21. gxf3
Ra8 22. Kf1 Bxe3 $11 23. fxe3 Ne7 24. Bb3 1/2-1/2

[Event "4NCL Division 4 South"]
[Site "Maidenhead, ENG"]
[Date "2020.01.12"]
[Round "4.52"]
[White "Turner, Simon"]
[Black "Fletcher, John"]
[Result "0-1"]
[WhiteElo "1847"]
[BlackElo "2015"]
[PlyCount "143"]
[EventDate "2020.01.12"]
[WhiteTeam "Warwickshire Select 2"]
[BlackTeam "The Full Ponty"]

1. d4 Nf6 2. c4 e6 3. Nc3 d5 4. cxd5 exd5 5. Bg5 Bb4 6. e3 Qd6 7. Bf4 Qc6 8.
Rc1 Ne4 9. Qb3 a5 10. a3 Bxc3+ 11. bxc3 O-O 12. Bd3 a4 13. Qc2 Nd7 14. Ne2 h6
15. O-O Nb6 16. f3 Nd6 17. e4 Nbc4 18. Ra1 Be6 19. Bc1 Qd7 20. Nf4 c6 21. e5
Nf5 22. Nxe6 fxe6 23. Qe2 b5 24. Bc2 Qe7 25. Qd3 g5 26. g4 Nh4 27. f4 gxf4 28.
Bxf4 Nxa3 29. Rxa3 Rf7 30. Raa1 Raf8 31. Bg3 Rxf1+ 32. Rxf1 a3 33. Bb1 Rxf1+
34. Kxf1 Qf7+ 35. Ke2 Qg7 36. h3 Ng6 37. Kd2 Nf8 38. Kc2 Qa7 39. Kb3 Qa5 40.
Be1 Qa7 41. Ka2 c5 42. dxc5 Qxc5 43. Qd4 Qe7 44. Bd3 Qg5 45. Bd2 Qxd2+ 46. Kxa3
Kg7 47. Bxb5 Qe1 $11 48. Kb4 Qh4 49. Qf4 Qe7+ 50. Kb3 Ng6 51. Qg3 Qb7 52. Ka4
Qa7+ 53. Kb4 Qc7 54. Qe3 Nxe5 55. Qd4 Qe7+ 56. Qc5 Kf6 57. Qxe7+ Kxe7 58. Kc5
Nf3 59. Be2 Nd2 60. c4 dxc4 61. Bxc4 Kf6 62. Bd3 Ke5 63. Ba6 Ne4+ 64. Kc6 Kf4
65. Bc8 e5 66. Kd5 Nf6+ 67. Ke6 Nh7 68. Kd5 e4 69. Kd4 Ng5 70. Bb7 e3 71. h4 e2
72. hxg5 0-1

[Event "4NCL Division 4 South"]
[Site "Maidenhead, ENG"]
[Date "2020.01.12"]
[Round "4.53"]
[White "Roberts, David L"]
[Black "Sandhu, Manvith"]
[Result "1-0"]
[WhiteElo "2002"]
[BlackElo "1832"]
[PlyCount "51"]
[EventDate "2020.01.12"]
[WhiteTeam "The Full Ponty"]
[BlackTeam "Warwickshire Select 2"]

1. e4 Nc6 2. Nf3 d6 3. d4 Nf6 4. Nc3 g6 5. Bb5 Bd7 6. e5 dxe5 7. dxe5 Ng8 8.
Qe2 Bg7 9. Bf4 a6 10. Bc4 Qc8 11. Bxf7+ Kxf7 12. e6+ Bxe6 13. Ng5+ Ke8 14. Nxe6
Kf7 15. Ng5+ Kf8 16. Qc4 Nd8 17. O-O-O Qf5 18. Rxd8+ Rxd8 19. Ne6+ Kf7 20.
Nxd8+ Ke8 21. Ne6 Be5 22. Bxe5 Qxe5 23. Nxc7+ Kf8 24. Ne6+ Kf7 25. Ne4 Nh6 26.
Re1 1-0

[Event "4NCL Division 4 South"]
[Site "Maidenhead, ENG"]
[Date "2020.01.12"]
[Round "4.54"]
[White "Larkin, Ben L"]
[Black "Perrett, David C"]
[Result "0-1"]
[WhiteElo "1757"]
[BlackElo "1943"]
[PlyCount "70"]
[EventDate "2020.01.12"]
[WhiteTeam "Warwickshire Select 2"]
[BlackTeam "The Full Ponty"]

1. Nf3 f5 2. d4 Nf6 3. Bg5 Ne4 4. Bf4 d6 5. e3 g6 6. Nbd2 Nf6 7. h3 c6 8. Bd3
Bg7 9. O-O O-O 10. c4 Nh5 11. Bh2 e5 12. dxe5 dxe5 13. Be2 Qe7 14. Qc2 c5 15.
Ne1 Nc6 16. Bxh5 gxh5 17. Rd1 Be6 18. Nd3 f4 19. Rfe1 f3 20. gxf3 Bxh3 21. Kh1
Bf5 22. Ne4 b6 23. Rg1 Bg6 24. Qe2 Qh4 25. Ng3 Qxc4 26. b3 Qh4 27. f4 Rad8 28.
Rd2 e4 29. Nb2 Rxd2 30. Qxd2 Rd8 31. Qc1 Qg4 32. Nc4 Qf3+ 33. Rg2 h4 34. Nd2
Rxd2 35. Qxd2 h3 0-1

[Event "4NCL Division 4 South"]
[Site "Maidenhead, ENG"]
[Date "2020.01.12"]
[Round "4.55"]
[White "Hughes, Anthony"]
[Black "Shearsby, Jude"]
[Result "1-0"]
[WhiteElo "1881"]
[BlackElo "1757"]
[PlyCount "69"]
[EventDate "2020.01.12"]
[WhiteTeam "The Full Ponty"]
[BlackTeam "Warwickshire Select 2"]

1. e4 Nc6 2. Nf3 d6 3. d4 Nf6 4. Nc3 Bg4 5. Bb5 a6 6. Bxc6+ bxc6 7. h3 Bd7 8.
O-O g6 9. Re1 Bg7 10. Be3 O-O 11. Qd2 Rb8 12. b3 Re8 13. Rad1 Bc8 14. Bh6 d5
15. Bxg7 Kxg7 16. e5 Nd7 17. e6 fxe6 18. Ne5 Nxe5 19. Rxe5 Rf8 20. Na4 Rf5 21.
Rde1 Qd6 22. Nc5 Rxe5 23. Rxe5 Rb5 24. b4 a5 $11 25. c3 Rb8 26. a3 Rb6 27. Qe3
Kf7 28. Qh6 Kg8 29. h4 Qd8 30. Qe3 Rb8 31. h5 Kf7 32. Qf4+ Kg7 33. Rxe6 Bd7 34.
h6+ Kg8 35. Qe5 1-0

[Event "4NCL Division 4 South"]
[Site "Maidenhead, ENG"]
[Date "2020.01.12"]
[Round "4.56"]
[White "Wong, Tristan"]
[Black "Davies, Peter"]
[Result "0-1"]
[WhiteElo "1339"]
[BlackElo "1928"]
[PlyCount "64"]
[EventDate "2020.01.12"]
[WhiteTeam "Warwickshire Select 2"]
[BlackTeam "The Full Ponty"]

1. d4 Nf6 2. Bf4 d5 3. e3 e6 4. Nf3 c5 5. c3 Qb6 6. Qc2 Nc6 7. Nbd2 Be7 8. Be2
Bd7 9. O-O Rc8 10. Nb3 cxd4 11. Nbxd4 O-O 12. a4 a5 13. Nxc6 bxc6 14. Ne5 Be8
15. b4 Nd7 16. bxa5 Qxa5 17. Nxd7 Bxd7 18. Rfb1 Rfd8 19. Rb7 Bf6 20. Rc1 g6 21.
Bd6 Qa8 22. Rcb1 c5 23. Bd1 Bc6 24. Be7 Bxe7 25. R7b6 Bd6 26. R6b2 d4 27. cxd4
Be4 28. Qe2 Bxb1 29. Rxb1 Rb8 30. Ra1 Qa5 31. g3 Rb6 32. Qd3 cxd4 0-1

[Event "4NCL Division 4 South"]
[Site "Maidenhead, ENG"]
[Date "2020.01.12"]
[Round "4.61"]
[White "Cox, Toby"]
[Black "Spanton, Tim R"]
[Result "1-0"]
[WhiteElo "1930"]
[BlackElo "1854"]
[PlyCount "149"]
[EventDate "2020.01.12"]
[WhiteTeam "MK Phoenix 2"]
[BlackTeam "Wessex C"]

1. e4 c5 2. d4 cxd4 3. c3 g6 4. Nf3 Bg7 5. Bc4 e6 6. Qe2 Ne7 7. O-O Nbc6 8. Bg5
h6 9. Bf4 d5 10. exd5 Nxd5 11. Be5 Nxe5 12. Nxe5 O-O 13. cxd4 Nb6 14. Nf3 Nxc4
15. Qxc4 Bd7 16. Nc3 Rc8 17. Qe2 Bc6 18. Rfd1 Qa5 19. Rd3 b5 20. Ne4 Bxe4 21.
Qxe4 Rc2 22. Ra3 Qc7 23. Rxa7 Rc1+ 24. Rxc1 Qxc1+ 25. Qe1 Qxb2 26. h3 Rc8 27.
Qe4 Qc1+ 28. Kh2 Qc6 29. Qf4 f6 30. Ne5 Qe8 31. Ng4 Qf8 32. Qe4 Qe8 33. Qb7 Qf8
34. Nxh6+ Kh8 35. Ng4 Rd8 36. g3 b4 37. Qb6 Qd6 38. Qb7 Qf8 39. Qb6 Qd6 40.
Qxd6 Rxd6 41. Rb7 Rxd4 42. Kg2 f5 43. Ne3 Re4 44. Kf3 Kg8 45. Ke2 Bc3 46. Rd7
Kf8 47. Kf3 Ke8 48. Rd1 Ke7 49. Ke2 Re5 50. Rc1 Ra5 51. Rc2 g5 52. Nd1 Be5 53.
Ne3 Ra8 54. Kd3 Bc3 55. Re2 Kf6 56. Kc4 Rd8 57. Nc2 Rh8 58. Nxb4 Bxb4 59. Kxb4
Rxh3 60. a4 Rh1 61. Ra2 Rb1+ 62. Kc3 Ke5 63. a5 Kd5 64. a6 Rb8 65. a7 Ra8 66.
Ra5+ Kd6 67. Kd4 g4 68. Ra6+ Ke7 69. Ke5 Kf7 70. Kd6 Kf6 71. Kd7 f4 72. gxf4
Kf5 73. Ra4 e5 74. fxe5 Kxe5 75. Kc7 1-0

[Event "4NCL Division 4 South"]
[Site "Maidenhead, ENG"]
[Date "2020.01.12"]
[Round "4.62"]
[White "Adaway, William"]
[Black "Reed, Darren"]
[Result "1-0"]
[WhiteElo "1845"]
[BlackElo "1949"]
[PlyCount "99"]
[EventDate "2020.01.12"]
[WhiteTeam "Wessex C"]
[BlackTeam "MK Phoenix 2"]

1. c4 e5 2. Nc3 f5 3. d4 exd4 4. Qxd4 Nc6 5. Qd2 Nf6 6. e3 d6 7. Nf3 g6 8. b3
Bg7 9. Bb2 O-O 10. Be2 Bd7 11. O-O Re8 12. a3 Ne5 13. Rad1 Bc6 14. Nxe5 dxe5
15. Qc2 Qe7 16. b4 b6 17. f3 Rad8 18. e4 Rxd1 19. Rxd1 f4 20. Nd5 Qf7 21. b5
Bb7 22. c5 Bxd5 23. exd5 Qd7 24. d6 bxc5 25. Qxc5 cxd6 26. Rxd6 Qe7 27. Qc6 Kh8
28. Bc4 h6 29. Re6 Qd8 30. Rd6 Qe7 31. Re6 Qd8 32. Rxe8+ Nxe8 33. h3 Nd6 34.
Bd3 Qh4 35. Qxd6 Qe1+ 36. Kh2 Qg3+ 37. Kg1 Qe1+ 38. Bf1 Qe3+ 39. Kh2 Qe1 40.
Qd3 Kh7 41. Qe2 Qg3+ 42. Kh1 Qg5 43. Qe4 h5 44. Bd3 Qf6 45. a4 Qd6 46. a5 Kh6
47. Qxg6+ Qxg6 48. Bxg6 Kxg6 49. b6 axb6 50. a6 1-0

[Event "4NCL Division 4 South"]
[Site "Maidenhead, ENG"]
[Date "2020.01.12"]
[Round "4.63"]
[White "Williamson, Kevin J"]
[Black "Lovell, William Pm"]
[Result "1-0"]
[WhiteElo "1844"]
[BlackElo "1787"]
[PlyCount "91"]
[EventDate "2020.01.12"]
[WhiteTeam "MK Phoenix 2"]
[BlackTeam "Wessex C"]

1. d4 d5 2. Nf3 Nf6 3. e3 e6 4. Bd3 c5 5. c3 Nc6 6. Nbd2 Be7 7. O-O O-O 8. Qe2
Qc7 9. dxc5 Bxc5 10. e4 Ne5 11. Nxe5 Qxe5 12. Nf3 Qh5 13. e5 Nd7 14. Bf4 f6 15.
exf6 Nxf6 16. Bg3 Ng4 17. h3 Nh6 18. Nd4 Qxe2 19. Bxe2 Nf5 20. Be5 Bd6 21. Bxd6
Nxd6 22. f4 Nf5 $11 23. Nxf5 exf5 24. Rad1 Be6 25. Bf3 Rad8 26. Rfe1 Rd6 27.
Rxe6 Rxe6 28. Bxd5 Kf7 29. Re1 Rfe8 30. Kf2 Kf6 31. Rxe6+ Rxe6 32. Bxe6 Kxe6
33. c4 h6 34. Ke3 g5 35. g3 Kd6 36. fxg5 hxg5 37. h4 gxh4 38. gxh4 Ke5 39. h5
f4+ 40. Kf3 Kf5 41. h6 Kg6 42. Kxf4 Kxh6 43. Ke5 Kg5 44. b4 a6 45. c5 Kg6 46.
Kd6 1-0

[Event "4NCL Division 4 South"]
[Site "Maidenhead, ENG"]
[Date "2020.01.12"]
[Round "4.64"]
[White "Coburn, Joseph A"]
[Black "Matthews, Adrian M S"]
[Result "0-1"]
[WhiteElo "1784"]
[BlackElo "1815"]
[PlyCount "76"]
[EventDate "2020.01.12"]
[WhiteTeam "Wessex C"]
[BlackTeam "MK Phoenix 2"]

1. d4 Nf6 2. c4 c5 3. d5 b5 4. cxb5 a6 5. Nc3 g6 6. e4 d6 7. bxa6 Bxa6 8. Bxa6
Nxa6 9. Nf3 Bg7 10. O-O O-O 11. a3 Qb6 12. Rb1 Rfb8 13. Nd2 Nd7 14. Nc4 Qc7 15.
Bf4 Nb6 16. Nb5 Qd7 17. Nxb6 Rxb6 18. a4 Nc7 19. Nxc7 Qxc7 20. Qc2 Qb7 21. Bc1
Rb3 22. Ra1 Rb8 23. Ra2 Bxb2 24. Bxb2 Rxb2 25. Rxb2 Qxb2 26. Qd3 Qb4 27. Ra1
$11 c4 28. Qc2 c3 29. g3 Qc5 30. Ra2 Qd4 31. a5 Rb2 32. Rxb2 cxb2 33. a6 Qb4
34. Qc8+ Kg7 35. a7 b1=Q+ 36. Kg2 Q4xe4+ 37. f3 Qe2+ 38. Kh3 Qbf1+ 0-1